Technology, development and the environment : a re-appraisal
Αποθηκεύτηκε σε:
| Κύριος συγγραφέας: | |
|---|---|
| Μορφή: | Βιβλίο |
| Γλώσσα: | English |
| Δημοσίευση: |
Oxford :
Pergamon,
1979
|
| Σειρά: | Elements ;
; 1 |
| Θέματα: | |
| Ετικέτες: |
Προσθήκη ετικέτας
Δεν υπάρχουν, Καταχωρήστε ετικέτα πρώτοι!
|
MARC
| LEADER | 00000nam a2200000 i 4500 | ||
|---|---|---|---|
| 001 | 1/71205 | ||
| 008 | 970303s1979 eng d | ||
| 020 | |z 0-08-025693 | ||
| 035 | |l 10002689 | ||
| 040 | |a GR-MY-UA |b gre |e aacr | ||
| 041 | 0 | |a eng | |
| 082 | 0 | |a 333.7 | |
| 100 | 1 | |a Reddy, Amulya K. N. | |
| 245 | 1 | 0 | |a Technology, development and the environment : |b a re-appraisal / |c Amulya Kumar N. Reddy |
| 260 | |a Oxford : |b Pergamon, |c 1979 | ||
| 300 | |a 52 p. | ||
| 490 | 1 | |a Elements |v ; 1 | |
| 650 | 0 | 0 | |a Environmental policy. |
| 650 | 0 | 0 | |a Appropriate technology |x Environmental aspects. |
| 830 | 0 | |a Elements ; |v ; 1 | |
| 852 | |a INST |b LESVOS |e 19970303 |h 333.7 RED |p 005100011906 |q 005100011906 |t BK |y 0 | ||
| 909 | |a Λ |b 01875 | ||